Nijagunara samagra kratigalu.Bhaga 1. (Record no. 99835)
[ view plain ]
| 000 -LEADER | |
|---|---|
| fixed length control field | 00707nam a2200205Ia 4500 |
| 003 - CONTROL NUMBER IDENTIFIER | |
| control field | OSt |
| 005 - DATE AND TIME OF LATEST TRANSACTION | |
| control field | 20250828150344.0 |
| 008 - FIXED-LENGTH DATA ELEMENTS--GENERAL INFORMATION | |
| fixed length control field | 210210b1995 xxu||||| |||| 00| 0 eng d |
| 040 ## - CATALOGING SOURCE | |
| Transcribing agency | AL |
| 041 ## - LANGUAGE CODE | |
| Language code of text/sound track or separate title | Kannada |
| 082 ## - DEWEY DECIMAL CLASSIFICATION NUMBER | |
| Classification number | K894.8 NIJA |
| 100 ## - MAIN ENTRY--PERSONAL NAME | |
| Personal name | NIJAGUNA. |
| 9 (RLIN) | 140087 |
| Dates associated with a name | ನಿಜಗುಣ |
| 245 ## - TITLE STATEMENT | |
| Title | Nijagunara samagra kratigalu.Bhaga 1. |
| Remainder of title | ನಿಜಗುಣರ ಸಮಗ್ರ ಕೃತಿಗಳು : ಭಾಗ ೧ |
| 260 ## - PUBLICATION, DISTRIBUTION, ETC. | |
| Place of publication, distribution, etc. | Bengaluru |
| Name of publisher, distributor, etc. | Kannada mattu Samskrati Nirdeshanalaya |
| Date of publication, distribution, etc. | 1995 |
| 300 ## - PHYSICAL DESCRIPTION | |
| Extent | lx,480 |
| 650 ## - SUBJECT ADDED ENTRY--TOPICAL TERM | |
| Topical term or geographic name entry element | Puratanara trividhi Kaivalya paddhati Paramanubhava Bodhe Paramartha Gite Anubhavasara |
| 9 (RLIN) | 140088 |
| 690 ## - LOCAL SUBJECT ADDED ENTRY--TOPICAL TERM (OCLC, RLIN) | |
| Topical term or geographic name as entry element | Kannada Miscellaneous |
| 9 (RLIN) | 140089 |
| 906 ## - LOCAL DATA ELEMENT F, LDF (RLIN) | |
| a | 051587 |
| 942 ## - ADDED ENTRY ELEMENTS (KOHA) | |
| Source of classification or shelving scheme | Dewey Decimal Classification |
| Koha item type | Book |
| Withdrawn status | Lost status | Source of classification or shelving scheme | Damaged status | Not for loan | Collection code | Home library | Current library | Shelving location | Date acquired | Cost, normal purchase price | Total Checkouts | Full call number | Barcode | Date last seen | Price effective from | Koha item type |
|---|---|---|---|---|---|---|---|---|---|---|---|---|---|---|---|---|
| Dewey Decimal Classification | Kannada | St Aloysius Library | St Aloysius Library | 02/17/2021 | 80.00 | K894.8 NIJA | 051587 | 02/17/2021 | 02/17/2021 | Book |